Introducción a la evaluación social de proyectos (Registro nro. 6750)
[ vista simple ]
| 000 -LEADER | |
|---|---|
| fixed length control field | 01136 a2200217 4500 |
| 001 - CONTROL NUMBER | |
| control field | 59598 |
| 005 - DATE AND TIME OF LATEST TRANSACTION | |
| control field | 20260407155850.0 |
| 008 - FIXED-LENGTH DATA ELEMENTS--GENERAL INFORMATION | |
| fixed length control field | 260407a1982 arg spa d |
| 003 - CONTROL NUMBER IDENTIFIER | |
| control field | AR-UNSa-BCEJYS |
| 040 ## - CATALOGING SOURCE | |
| Original cataloging agency | AR-UNSa-BCEJYS |
| Language of cataloging | spa |
| Transcribing agency | AR-UNSa-BCEJYS |
| 080 ## - UNIVERSAL DECIMAL CLASSIFICATION NUMBER | |
| Universal Decimal Classification number | 658.012.261 |
| Common auxiliary subdivision | Suceso-nodo-red. Orientación al suceso. PERT (Técnica de Revisión y Evaluación de Proyectos) |
| 041 ## - LANGUAGE CODE | |
| Language code of text/sound track or separate title | spa |
| 100 1# - MAIN ENTRY--PERSONAL NAME | |
| Personal name | Samitier, Jorge A. |
| 245 10 - TITLE STATEMENT | |
| Title | Introducción a la evaluación social de proyectos |
| Name of part/section of a work | análisis costo beneficio |
| 264 #1 - PRODUCTION, PUBLICATION, DISTRIBUTION, MANUFACTURE, AND COPYRIGHT NOTICE | |
| Place of production, publication, distribution, manufacture | Buenos Aires : |
| Name of producer, publisher, distributor, manufacturer | Ediciones Macchi |
| Date of production, publication, distribution, manufacture, or copyright notice | 1982 |
| 300 ## - PHYSICAL DESCRIPTION | |
| Extent | 101 p. |
| Dimensions | 22 cm. |
| 505 ## - FORMATTED CONTENTS NOTE | |
| Formatted contents note | 1. Introducción - 2. La evaluación de Proyectos por las empresas - 3. La evaluación Social de Proyectos - 4. Efectos de algunas medidas de política económica - 5. Identificación de los costos y los beneficios - 6. La tasa de actualización social - 7. La valorización de los "inputs" y los "outputs" - 8. Algunos ejemplos de aplicación - 9. Consideraciones sobre la aplicación del análisis costo - beneficio |
| 590 ## - LOCAL NOTE (RLIN) | |
| Local note | niveau_biblio:m niveau_hierar:0 |
| 700 1# - ADDED ENTRY--PERSONAL NAME | |
| Personal name | Samitier, María C. D. de |
| 942 ## - ADDED ENTRY ELEMENTS (KOHA) | |
| Koha item type | |
| Withdrawn status | Lost status | Damaged status | Not for loan | Home library | Current library | Shelving location | Date acquired | Total checkouts | Full call number | Barcode | Date last seen | Price effective from | Koha item type |
|---|---|---|---|---|---|---|---|---|---|---|---|---|---|
| Biblioteca Prof. Eusebio Cleto del Rey | Biblioteca Prof. Eusebio Cleto del Rey | 07/04/2026 | 658.012.261 S187 | L39376 | 07/04/2026 | 07/04/2026 | Libro |